000 00839nmm a2200265 a 4500
001 ocm0001256961
003 TR-IsHL
005 20201028160749.0
008 160715s2014 tu tur
007 cr cn
020 _a9786051431192
035 _a1256961
_b(N$T)
050 0 4 _aPT9875.D12
_bY5 2014
090 0 4 _aPT9875.D12
_bY5 2014
100 1 _aDagerman, Stig
245 1 0 _aYılan
_h[electronic resource] /
_cStig Dagerman
260 _aİstanbul :
_bKafekültür Yayıncılık,
_c2014
300 _a218 p.
650 4 _aDil ve Edebiyat
650 4 _aLanguage and Literature
650 0 _aİsveç edebiyatı
650 0 _aSweden literature
650 7 _aLITERARY COLLECTIONS / European / Scandinavian
_2bisacsh
856 4 0 _uhttp://search.ebscohost.com/login.aspx?direct=true&scope=site&db=e011xww&AN=1256961
999 _c13771
_d13771